Growth and Inequality: (Record no. 191296)

MARC details
000 -LEADER
fixed length control field 00772nam a2200205 4500
005 - DATE AND TIME OF LATEST TRANSACTION
control field 20220824114431.0
010 ## - LCCN (DPL NO)
LC control number ENG-134589
020 ## - INTERNATIONAL STANDARD BOOK NUMBER
Terms of availability 695.00
International Standard Book Number 9781108416191
035 ## - SYSTEM CONTROL NUMBER
System control number EN-118121
037 ## - SOURCE OF ACQUISITION
Source of stock number/acquisition DBAD/PUB
082 ## - DEWEY DECIMAL CLASSIFICATION NUMBER
Classification number 338.954
100 ## - MAIN ENTRY--PERSONAL NAME
Personal name Barbosa, Alexandre de freitas
245 ## - TITLE STATEMENT
Title Growth and Inequality:
Remainder of title The ContrastingTrajectories of India and Brazil/
Statement of responsibility, etc Alexandre de freitas barbosa,maria cristina cacciamali and gerry rodgers
260 ## - PUBLICATION, DISTRIBUTION, ETC. (IMPRINT)
Place of publication, distribution, etc United Kingdom
Name of publisher, distributor, etc Cambridge University Press
Date of publication, distribution, etc 2017
270 ## - ADDRESS
Address university printing house, cambridge CB 2 8 BS,
City Cambridge
300 ## - PHYSICAL DESCRIPTION
Extent xxvi, 349p.
Other physical details index bibliography
Dimensions 22cm(hb)
700 ## - ADDED ENTRY--PERSONAL NAME
Personal name Cacciamali maria cristina
700 ## - ADDED ENTRY--PERSONAL NAME
Personal name Rodgers Gerry
942 ## - ADDED ENTRY ELEMENTS (KOHA)
Source of classification or shelving scheme Dewey Decimal Classification
Item type English Books
Classification part 338.954
Call number suffix BAR
Holdings
Withdrawn status Lost status Not for loan Collection code Home library Current library Date acquired Source of acquisition Cost, normal purchase price Full call number Barcode Copy number Cost, replacement price Koha item type
      Non-fiction Ashok Vihar Ashok Vihar 24/08/2022 DBAD/PUB 695.00 338.954 BAR EN-118121 1 695.00 English Books

© Delhi Public Library
Hit Counter
free hit counter